[Event "Women's Speed Chess Q5"]
[Site "chess.com INT"]
[Date "2021.06.04"]
[Round "1"]
[White "Priyanka, K"]
[Black "Pourkashiyan, Atousa"]
[Result "0-1"]
[WhiteTitle "WIM"]
[BlackTitle "WGM"]
[WhiteElo "2218"]
[BlackElo "2322"]
[WhiteFideId "5082986"]
[BlackFideId "12502014"]
[EventDate "2021.06.04"]

1. e4 c5 2. Nf3 e6 3. d4 cxd4 4. Nxd4 a6 5. Bd3 Bc5 6. Nb3 Be7 7. O-O Nc6 8. Qe2
d6 9. c4 Nf6 10. Nc3 O-O 11. Be3 Ne5 12. f4 Nxd3 13. Qxd3 Ng4 14. Rad1 Nxe3 15.
Qxe3 Qc7 16. Qd3 b6 17. f5 Rd8 18. Kh1 Bf6 19. Nd4 Bd7 20. b3 Rac8 21. Nce2 Be5
22. Nf3 Bc6 23. Ned4 Re8 24. Nxe5 dxe5 25. Nxc6 Qxc6 26. f6 g6 27. Qe3 Qc5 28.
Qh6 Qf8 29. Qh4 Red8 30. h3 Rd4 31. Qg5 Rcd8 32. Rde1 Qd6 33. Qh6 Qf8 34. Qg5
Rd2 35. Qxe5 Rxa2 36. Rd1 Rad2 37. Rxd2 Rxd2 38. Ra1 a5 39. Qf4 Qd8 40. Rf1 Rd4
41. Qe5 Rd7 42. Qf4 h5 43. Qh6 Qf8 44. Qe3 Qd8 45. e5 Rd3 46. Qh6 Qf8 47. Qf4
Rxb3 48. Rd1 a4 49. Rd7 a3 0-1

[Event "Women's Speed Chess Q5"]
[Site "chess.com INT"]
[Date "2021.06.04"]
[Round "1"]
[White "Zhuravleva, Olga"]
[Black "Vantika, Agrawal"]
[Result "0-1"]
[WhiteTitle "WIM"]
[BlackTitle "WIM"]
[WhiteElo "2278"]
[BlackElo "2286"]
[WhiteFideId "4145933"]
[BlackFideId "25050389"]
[EventDate "2021.06.04"]

1. e4 c5 2. Nf3 d6 3. d4 cxd4 4. Nxd4 Nf6 5. Nc3 a6 6. Bd3 e5 7. Nb3 Be7 8. O-O
O-O 9. f4 b5 10. a3 Bb7 11. Kh1 Nbd7 12. Qf3 Qc7 13. Qh3 Nb6 14. fxe5 dxe5 15.
Bg5 Ne8 16. Be3 Nc4 17. Bxc4 bxc4 18. Nd2 Nd6 19. Qg3 f6 20. Rae1 Nb5 21. Na4 c3
22. bxc3 Nxa3 23. c4 Nxc2 24. Rc1 Nxe3 25. Qxe3 Rad8 26. c5 Bc6 27. Nb6 Rd4 28.
Nb3 Rxe4 29. Qh3 Re2 30. Rg1 f5 31. Qd3 Re4 32. Qxa6 Bg5 33. Rce1 Rh4 34. Nc4 e4
35. Nd6 Bf4 36. g3 e3+ 37. Rg2 Bxd6 38. cxd6 Qxd6 39. Qa2 Bxg2+ 40. Kxg2 Qd5+
41. Kg1 Re4 42. Nc1 Qxa2 43. Nxa2 Rd8 44. Nc3 Re5 45. Re2 Rd2 46. Kg2 Kf7 47.
Kf3 Rxe2 48. Nxe2 Ke6 49. Nd4+ Kd5 50. Ne2 Kc4 51. Kf4 Re8 52. Kxf5 Kd3 53. Nf4+
Kd2 54. Kg4 Re4 55. Kf3 Rxf4+ 56. gxf4 e2 0-1

[Event "Women's Speed Chess Q5"]
[Site "chess.com INT"]
[Date "2021.06.04"]
[Round "1"]
[White "Vo, Thi Kim Phung"]
[Black "Dauletova, Gulmira"]
[Result "1/2-1/2"]
[WhiteTitle "WGM"]
[BlackTitle "WGM"]
[WhiteElo "2335"]
[BlackElo "2257"]
[WhiteFideId "12401838"]
[BlackFideId "13702971"]
[EventDate "2021.06.04"]

1. d4 Nf6 2. c4 e6 3. Nc3 Bb4 4. Qc2 d5 5. cxd5 exd5 6. Nf3 O-O 7. Bg5 Nbd7 8.
e3 c5 9. dxc5 Qa5 10. Bd3 Qxc5 11. O-O Bxc3 12. bxc3 Re8 13. Bf4 Ne4 14. c4 Ndf6
15. Rab1 dxc4 16. Bxc4 Be6 17. Bd3 Qxc2 18. Bxc2 b6 19. Bb3 Nd5 20. Be5 Rac8 21.
Rbc1 Nec3 22. Nd4 b5 23. e4 Nxe4 24. Nxb5 a6 25. Nd6 Nxd6 26. Bxd6 Nc3 27. Kh1
Nxa2 28. Rxc8 Rxc8 29. Bxa2 Bxa2 30. Ra1 Rc2 31. Kg1 a5 32. h3 a4 33. Re1 h6 34.
Re8+ Kh7 35. Re7 Kg6 36. Ra7 Bb3 37. Ra6 Kh7 38. Bf8 h5 39. Ra5 Kg6 40. Ra6+ Kh7
41. Ra5 g6 42. Ra7 Rc1+ 43. Kh2 Rc8 44. Bd6 Kg8 45. Be5 Re8 46. Bf6 Rc8 47. g4
hxg4 48. hxg4 Kh7 49. g5 Rc2 50. Ra8 Rxf2+ 51. Kg3 Rxf6 52. gxf6 g5 53. Ra6 Kg6
54. Kg4 Bd1+ 55. Kg3 Kf5 56. Rd6 Bb3 57. Ra6 Kg6 58. Kg4 Bd1+ 59. Kg3 Kf5 60.
Rd6 Bb3 61. Ra6 Kg6 1/2-1/2

[Event "Women's Speed Chess Q5"]
[Site "chess.com INT"]
[Date "2021.06.04"]
[Round "1"]
[White "Eswaran, Ashritha"]
[Black "Sikorova, Olga"]
[Result "1-0"]
[WhiteTitle "WIM"]
[BlackTitle "WGM"]
[WhiteElo "2244"]
[BlackElo "2215"]
[WhiteFideId "2080788"]
[BlackFideId "307033"]
[EventDate "2021.06.04"]

1. e4 e6 2. d4 d5 3. Nc3 Bb4 4. e5 c5 5. a3 Bxc3+ 6. bxc3 Qa5 7. Bd2 Qa4 8. Qb1
c4 9. h4 Nc6 10. Qd1 Bd7 11. h5 h6 12. g4 O-O-O 13. f4 f6 14. Nf3 fxe5 15. fxe5
Nge7 16. Qb1 Rdf8 17. Bg2 Be8 18. Qb2 g6 19. hxg6 Bxg6 20. Rxh6 Rxh6 21. Bxh6
Rh8 22. Bg7 Rg8 23. Bf6 Bxc2 24. Kf2 Be4 25. Ng5 Bxg2 26. Kxg2 b6 27. Rh1 Kd7
28. Rh7 Qd1 29. Kf2 Qxg4 30. Qb5 Qf5+ 31. Ke1 Re8 32. Qa6 Qb1+ 33. Kf2 Qc2+ 34.
Kf1 Qb1+ 35. Kf2 Qc2+ 36. Kg3 Qxc3+ 37. Kh4 Qxd4+ 38. Kh5 Qd1+ 39. Kh4 Qe1+ 40.
Kh3 Qe3+ 41. Kg4 Nxe5+ 42. Bxe5 Qxe5 43. Qb5+ Kc7 44. Qxe8 Qd4+ 45. Kh5 Qd1+ 46.
Kh6 Qh1+ 47. Qh5 Qxh5+ 48. Kxh5 Kd6 49. Rh6 Kc5 50. Nxe6+ Kb5 51. Rh7 Nc6 52.
Kg4 Ka4 53. Rc7 Na5 54. Nd4 Kxa3 55. Rxa7 Kb4 56. Rc7 Nb3 57. Nc6+ Kc3 58. Ne5
b5 59. Kf4 b4 60. Ke3 d4+ 61. Ke2 d3+ 62. Kd1 Kd4 63. Nxc4 Nc5 64. Nd2 b3 65.
Rc8 b2 66. Rb8 Kc3 67. Nb1+ Kd4 68. Rxb2 Ne4 69. Nd2 Nc3+ 70. Ke1 Ke3 71. Rb4
Nd5 72. Re4# 1-0

[Event "Women's Speed Chess Q5"]
[Site "chess.com INT"]
[Date "2021.06.04"]
[Round "1"]
[White "Buksa, Nataliya"]
[Black "Frayna, Janelle Mae"]
[Result "1/2-1/2"]
[WhiteTitle "IM"]
[BlackTitle "WGM"]
[WhiteElo "2413"]
[BlackElo "2179"]
[WhiteFideId "14123622"]
[BlackFideId "5212499"]
[EventDate "2021.06.04"]

1. e4 e5 2. Nf3 Nc6 3. Bc4 Bc5 4. c3 Nf6 5. d4 exd4 6. e5 d5 7. Bb5 Ne4 8. cxd4
Bb6 9. Nc3 O-O 10. Be3 Ne7 11. O-O Bg4 12. h3 Bh5 13. Be2 f6 14. exf6 Nxf6 15.
Ne5 Bxe2 16. Qxe2 Nf5 17. Rad1 Re8 18. Qf3 Nxd4 19. Bxd4 Bxd4 20. Nc6 bxc6 21.
Rxd4 Qe7 22. b3 Rf8 23. Qg3 Qd6 24. Qxd6 cxd6 25. Rd2 Rae8 26. Rc1 Rc8 27. b4
Rfe8 28. f3 Rc7 29. Nxd5 Nxd5 30. Rxd5 Rd8 31. a3 Kf7 32. Kf2 Ke6 33. Ra5 Rdc8
34. Ke3 c5 35. bxc5 dxc5 36. Rc4 Kd5 37. Kd3 Re8 38. Rb5 Re3+ 39. Kxe3 Kxc4 40.
Rb8 Re7+ 41. Kd2 Kd4 42. g4 c4 43. Rd8+ Kc5 44. Rc8+ Kd4 45. Rd8+ Kc5 46. Rc8+
Kb5 47. f4 Rd7+ 48. Kc2 Rd3 49. Rb8+ Ka4 50. Rb7 Rxh3 51. Rxg7 Kxa3 52. Rxa7+
Kb4 53. Rb7+ Kc5 54. f5 Kd4 55. f6 Rh2+ 56. Kc1 Rf2 57. f7 c3 58. Rd7+ Kc4 59.
g5 Kb3 60. Rb7+ Kc4 61. Rc7+ Kd3 62. Rd7+ Kc4 63. Rc7+ Kb3 64. Rb7+ Kc4 65. Rd7
Rf1+ 66. Kc2 Rf2+ 67. Kd1 Rf1+ 68. Kc2 Rf2+ 69. Kc1 1/2-1/2

[Event "Women's Speed Chess Q5"]
[Site "chess.com INT"]
[Date "2021.06.04"]
[Round "1"]
[White "Nguyen, Hong Ngoc"]
[Black "Bivol, Alina"]
[Result "1-0"]
[WhiteTitle "WCM"]
[BlackTitle "WGM"]
[WhiteElo "1957"]
[BlackElo "2374"]
[WhiteFideId "12403083"]
[BlackFideId "4100123"]
[EventDate "2021.06.04"]

1. e4 e6 2. d3 c5 3. Nd2 Nc6 4. Ngf3 g6 5. g3 Bg7 6. Bg2 Nge7 7. O-O O-O 8. c3
e5 9. Qc2 d6 10. b3 f5 11. exf5 Bxf5 12. Bb2 d5 13. Rad1 Qb6 14. c4 Nb4 15. Qc1
Nxd3 16. Qa1 Nxb2 17. Qxb2 e4 18. Ne5 d4 19. f4 e3 20. Ndf3 Rad8 21. g4 Be4 22.
Ng5 Bxg2 23. Qxg2 h6 24. Ne4 g5 25. Nd3 gxf4 26. Rxf4 Rxf4 27. Nxf4 Qc6 28. Nd3
b6 29. Rf1 Rf8 30. Rxf8+ Bxf8 31. g5 hxg5 32. Nxg5 Bg7 33. Ne4 Qg6 34. Qxg6 Nxg6
35. Kf1 Ne5 36. Ke2 Ng4 37. h3 Nh6 38. Nd6 Kf8 39. Nc8 Ke8 40. Nxa7 Kd7 41. a4
Bf8 42. Nb5 Nf5 43. Kf3 Be7 44. Ne5+ Ke6 45. Nd3 Nh4+ 46. Ke2 Kf5 47. Nc7 Ke4
48. Nd5 Bd8 49. a5 Nf5 50. N3f4 bxa5 51. Ne6 d3+ 52. Kd1 e2+ 53. Kd2 Bh4 54.
Nxc5+ Kd4 55. Nxd3 Ng3 56. N3f4 e1=Q+ 57. Kxe1 Nh5+ 58. Ke2 Nxf4+ 59. Nxf4 Kc3
60. c5 Kxb3 61. c6 Bd8 62. Ne6 Bb6 63. c7 Bxc7 64. Nxc7 a4 65. Nb5 Kb4 66. Nd4
Kc3 67. Nb5+ Kb4 68. Nd4 Kc3 69. Ke3 a3 70. Nb5+ Kb4 71. Nxa3 Kxa3 72. h4 1-0

[Event "Women's Speed Chess Q5"]
[Site "chess.com INT"]
[Date "2021.06.04"]
[Round "2"]
[White "Cori T., Deysi"]
[Black "Kiran, Manisha Mohanty"]
[Result "1-0"]
[WhiteTitle "WGM"]
[BlackTitle "WGM"]
[WhiteElo "2388"]
[BlackElo "2168"]
[WhiteFideId "3801934"]
[BlackFideId "5019575"]
[EventDate "2021.06.04"]

1. d4 Nf6 2. Nf3 g6 3. g3 Bg7 4. Bg2 O-O 5. O-O d5 6. Ne5 c6 7. c4 dxc4 8. Nxc4
Nbd7 9. Nc3 Nb6 10. Ne5 Nfd5 11. Nxd5 Nxd5 12. e4 Nb6 13. Bf4 a5 14. Rc1 a4 15.
a3 Be6 16. Qd3 Bb3 17. Rc3 f6 18. Nf3 Qd7 19. Rxb3 axb3 20. Qxb3+ Kh8 21. Qxb6
Ra6 22. Qc5 1-0

[Event "Women's Speed Chess Q5"]
[Site "chess.com INT"]
[Date "2021.06.04"]
[Round "2"]
[White "Dordzhieva, Dinara"]
[Black "Zakirova, Aisha"]
[Result "1-0"]
[WhiteTitle "WGM"]
[BlackTitle "WCM"]
[WhiteElo "2311"]
[BlackElo "1585"]
[WhiteFideId "24157570"]
[BlackFideId "13719734"]
[EventDate "2021.06.04"]

1. Nf3 Nf6 2. c4 g6 3. d4 Bg7 4. Nc3 d5 5. cxd5 Nxd5 6. g3 O-O 7. Bg2 Nxc3 8.
bxc3 c5 9. O-O Bg4 10. Qb3 Qc8 11. Ne5 Bxe2 12. Bxb7 Qh3 13. Re1 Bxe5 14. Rxe2
cxd4 15. Bxa8 Bg7 16. cxd4 Bxd4 17. Rb1 Nd7 18. Bg2 Qf5 19. Bh6 Rc8 20. Rd1 Nc5
21. Qf3 Qd7 22. Qd5 Qxd5 23. Bxd5 1-0

[Event "Women's Speed Chess Q5"]
[Site "chess.com INT"]
[Date "2021.06.04"]
[Round "2"]
[White "Sikorova, Olga"]
[Black "Nomin-Erdene, Davaademberel"]
[Result "0-1"]
[WhiteTitle "WGM"]
[BlackTitle "IM"]
[WhiteElo "2215"]
[BlackElo "2382"]
[WhiteFideId "307033"]
[BlackFideId "4900782"]
[EventDate "2021.06.04"]

1. c4 f5 2. g3 Nf6 3. Bg2 g6 4. Nc3 Bg7 5. d3 O-O 6. e4 d6 7. Nge2 e5 8. O-O Nc6
9. Nd5 Ne7 10. Nxf6+ Bxf6 11. Bh6 Rf7 12. d4 fxe4 13. Bxe4 Nf5 14. Bd5 Nxh6 15.
dxe5 Bxe5 16. Qb3 c6 17. Bxf7+ Nxf7 18. f4 Bg7 19. Rad1 Qb6+ 20. Qxb6 axb6 21.
Nc3 Be6 22. Rfe1 Bxc4 23. Re7 b5 24. Rxb7 Re8 25. Rd2 d5 26. Kf2 Nd6 27. Rxg7+
Kxg7 28. b3 b4 0-1

[Event "Women's Speed Chess Q5"]
[Site "chess.com INT"]
[Date "2021.06.04"]
[Round "2"]
[White "Kashlinskaya, Alina"]
[Black "Atalik, Ekaterina"]
[Result "1-0"]
[WhiteTitle "IM"]
[BlackTitle "IM"]
[WhiteElo "2494"]
[BlackElo "2430"]
[WhiteFideId "4198026"]
[BlackFideId "4130189"]
[EventDate "2021.06.04"]

1. d4 Nf6 2. c4 g6 3. Nc3 d5 4. cxd5 Nxd5 5. e4 Nxc3 6. bxc3 c5 7. Nf3 Bg7 8.
Be3 Qa5 9. Qd2 O-O 10. Rc1 cxd4 11. cxd4 Qxd2+ 12. Nxd2 Rd8 13. d5 e6 14. Bc4
exd5 15. Bxd5 Nd7 16. Ke2 Nf6 17. Bb3 Bd7 18. f3 b6 19. a4 Rac8 20. e5 Ne8 21.
f4 Bf5 22. Nf3 Bf8 23. Ng5 Be6 24. Nxe6 fxe6 25. Bxe6+ 1-0

[Event "Women's Speed Chess Q5"]
[Site "chess.com INT"]
[Date "2021.06.04"]
[Round "2"]
[White "Nguyen, Hong Ngoc"]
[Black "Mkrtchian, Lilit"]
[Result "1/2-1/2"]
[WhiteTitle "WCM"]
[BlackTitle "IM"]
[WhiteElo "1957"]
[BlackElo "2388"]
[WhiteFideId "12403083"]
[BlackFideId "13300601"]
[EventDate "2021.06.04"]

1. e4 e6 2. d4 d5 3. exd5 exd5 4. Nf3 Bd6 5. Bd3 Ne7 6. h3 Bf5 7. c3 O-O 8. O-O
c6 9. Bxf5 Nxf5 10. Qd3 g6 11. Ne5 f6 12. Ng4 Nd7 13. Nd2 Qc7 14. Nf3 Rae8 15.
Bd2 Re4 16. Rae1 Rfe8 17. Ne3 Nxe3 18. Rxe3 Nb6 19. Rfe1 Qe7 20. Nh2 Bxh2+ 21.
Kxh2 f5 22. f3 Rxe3 23. Rxe3 Qd6+ 24. Kg1 Rxe3 25. Qxe3 Nc4 26. Qe8+ Qf8 27.
Qe6+ Qf7 28. Qc8+ Qf8 29. Qe6+ Qf7 30. Qc8+ Qf8 31. Qe6+ 1/2-1/2

[Event "Women's Speed Chess Q5"]
[Site "chess.com INT"]
[Date "2021.06.04"]
[Round "2"]
[White "Sliwicka, Alicja"]
[Black "Antova, Gabriela"]
[Result "1-0"]
[WhiteTitle "WIM"]
[BlackTitle "FM"]
[WhiteElo "2308"]
[BlackElo "2250"]
[WhiteFideId "1150677"]
[BlackFideId "2915235"]
[EventDate "2021.06.04"]

1. e4 c5 2. Nf3 Nc6 3. d4 cxd4 4. Nxd4 Nf6 5. Nc3 e5 6. Ndb5 d6 7. Bg5 a6 8. Na3
b5 9. Bxf6 gxf6 10. Nd5 f5 11. Bd3 Be6 12. Qh5 Bg7 13. O-O O-O 14. exf5 Bxd5 15.
f6 e4 16. fxg7 Kxg7 17. Qxd5 exd3 18. Qxc6 Rc8 19. Qe4 b4 20. Qg4+ Kh8 21. Qxb4
dxc2 22. Rac1 Rg8 23. Qd4+ Rg7 24. Rxc2 Rxc2 25. Nxc2 Qg5 26. Ne3 1-0

[Event "Women's Speed Chess Q5"]
[Site "chess.com INT"]
[Date "2021.06.04"]
[Round "2"]
[White "Sukandar, Irine Kharisma"]
[Black "Kotepalli, Sai Nirupama"]
[Result "1-0"]
[WhiteTitle "IM"]
[BlackTitle "WFM"]
[WhiteElo "2413"]
[BlackElo "1914"]
[WhiteFideId "7101937"]
[BlackFideId "5039444"]
[EventDate "2021.06.04"]

1. d4 g6 2. e4 Bg7 3. Nc3 e6 4. h4 h5 5. Bg5 Ne7 6. Qd2 d5 7. exd5 exd5 8. O-O-O
Be6 9. Nge2 c6 10. Nf4 Qd7 11. Nxe6 fxe6 12. Bd3 Nf5 13. Ne2 Qf7 14. Kb1 Nd7 15.
Qb4 Nf6 16. Nf4 O-O-O 17. Rhe1 Rde8 18. Bxf5 exf5 19. Qd6 Rxe1 20. Rxe1 Ne4 21.
Qxg6 Qxg6 22. Nxg6 Re8 23. Be3 Bxd4 24. Bxd4 Nd2+ 25. Kc1 Rxe1+ 26. Kxd2 Re4 27.
Bxa7 Kd7 28. a3 Rg4 29. Ne5+ 1-0

[Event "Women's Speed Chess Q5"]
[Site "chess.com INT"]
[Date "2021.06.04"]
[Round "2"]
[White "Berend, Elvira"]
[Black "Obolentseva, Alexandra"]
[Result "1/2-1/2"]
[WhiteTitle "WGM"]
[BlackTitle "WGM"]
[WhiteElo "2326"]
[BlackElo "2297"]
[WhiteFideId "4000510"]
[BlackFideId "24153648"]
[EventDate "2021.06.04"]

1. e4 c5 2. Nf3 d6 3. g3 g6 4. Bg2 Bg7 5. O-O Nc6 6. c3 Nf6 7. Re1 O-O 8. d4
cxd4 9. cxd4 e5 10. h3 exd4 11. Nxd4 Nxd4 12. Qxd4 Be6 13. Qb4 Qc7 14. Nc3 Rac8
15. Bf4 Rfd8 16. Rac1 a6 17. a4 Qc4 18. Qxc4 Rxc4 19. Red1 Rdc8 20. Bxd6 Ne8 21.
e5 b5 22. axb5 axb5 23. Bf1 Nxd6 24. exd6 Rb4 25. d7 Rd8 26. Bxb5 Bxc3 27. Rxc3
Rxb5 28. Rc8 Rxc8 29. dxc8=Q+ Bxc8 30. Rd8+ Kg7 31. Rxc8 Rxb2 32. Kg2 Rb6 33.
Rc5 Rf6 34. Rb5 Re6 1/2-1/2

[Event "Women's Speed Chess Q5"]
[Site "chess.com INT"]
[Date "2021.06.04"]
[Round "2"]
[White "Linares Napoles, Oleiny"]
[Black "Luong, Phuong Hanh"]
[Result "0-1"]
[WhiteTitle "WGM"]
[BlackTitle "WIM"]
[WhiteElo "2255"]
[BlackElo "2229"]
[WhiteFideId "3504794"]
[BlackFideId "12401013"]
[EventDate "2021.06.04"]

1. d4 Nf6 2. Bf4 g6 3. Nc3 d5 4. e3 Bg7 5. Be2 O-O 6. h4 c5 7. h5 cxd4 8. exd4
Nc6 9. Qd2 Ne4 10. Nxe4 dxe4 11. c3 e5 12. Bg5 e3 13. Bxe3 exd4 14. cxd4 Bxd4
15. hxg6 hxg6 16. Nf3 Bg7 17. Rd1 Qxd2+ 18. Rxd2 Be6 19. a3 Rfd8 20. Rxd8+ Rxd8
21. Bc1 Na5 0-1

[Event "Women's Speed Chess Q5"]
[Site "chess.com INT"]
[Date "2021.06.04"]
[Round "2"]
[White "Paehtz, Elisabeth"]
[Black "Gevorgyan, Maria"]
[Result "1-0"]
[WhiteTitle "IM"]
[BlackTitle "WGM"]
[WhiteElo "2456"]
[BlackElo "2219"]
[WhiteFideId "4641833"]
[BlackFideId "13300270"]
[EventDate "2021.06.04"]

1. d4 Nf6 2. Nf3 g6 3. Bg5 Bg7 4. Nbd2 c5 5. e3 cxd4 6. exd4 d5 7. c3 O-O 8. Bd3
Nc6 9. O-O h6 10. Bh4 a5 11. a4 g5 12. Bg3 Bg4 13. Re1 Bh5 14. Qb3 Ra7 15. Ne5
Ne8 16. Be2 Bxe2 17. Rxe2 Nxe5 18. Bxe5 e6 19. Rae1 Nd6 20. Qa3 Ra6 21. Bxd6
Rxd6 22. Nb3 Rc6 23. Nc5 b6 24. Nd3 Rc7 25. Qb3 Rb7 26. Re3 Qd6 27. Qd1 Rc8 28.
Qh5 Qc6 29. h4 gxh4 30. Qxh4 Qxa4 31. Rg3 Kh7 32. Nf4 Qc2 33. Nh5 Bh8 34. Nf6+
Bxf6 35. Qxf6 Rg8 36. Ree3 Qd1+ 37. Kh2 Qh5+ 38. Kg1 Qd1+ 39. Kh2 Qh5+ 40. Kg1
Rg6 41. Rxg6 Qxg6 42. Qd8 Qg5 43. Qc8 Re7 44. Rg3 Kg6 45. Rxg5+ hxg5 46. Qg8+
Kf6 47. Qd8 1-0

[Event "Women's Speed Chess Q5"]
[Site "chess.com INT"]
[Date "2021.06.04"]
[Round "2"]
[White "Mrudul, Dehankar"]
[Black "Von Herman, Brigitte"]
[Result "1-0"]
[WhiteTitle "WIM"]
[BlackTitle "WFM"]
[WhiteElo "2256"]
[BlackElo "1991"]
[WhiteFideId "25096990"]
[BlackFideId "4628730"]
[EventDate "2021.06.04"]

1. e4 e5 2. Nf3 Nc6 3. Bb5 a6 4. Ba4 Nf6 5. O-O Be7 6. Re1 b5 7. Bb3 d6 8. h3
O-O 9. c3 Na5 10. Bc2 c5 11. d4 Nd7 12. Nbd2 exd4 13. cxd4 Nc6 14. d5 Nce5 15.
a4 Bb7 16. Nxe5 Nxe5 17. f4 Ng6 18. Nf3 Bh4 19. Nxh4 Qxh4 20. Ra3 b4 21. Rf3
Rfe8 22. Rf2 Qe7 23. f5 Nh8 24. f6 gxf6 25. Ref1 Ra7 26. Rxf6 Bc8 27. b3 Ng6 28.
Qf3 Ne5 29. Qh5 Kh8 30. Bg5 Qf8 31. Rh6 f5 32. exf5 Rf7 33. Bf6+ Rxf6 34. Rxh7+
Kg8 35. Rh8+ Kg7 36. Qh7# 1-0

[Event "Women's Speed Chess Q5"]
[Site "chess.com INT"]
[Date "2021.06.04"]
[Round "2"]
[White "February, Jesse Nikki"]
[Black "Skuhala, Barbara"]
[Result "0-1"]
[WhiteTitle "WIM"]
[BlackTitle "WFM"]
[WhiteElo "1863"]
[BlackElo "2077"]
[WhiteFideId "14312336"]
[BlackFideId "14605465"]
[EventDate "2021.06.04"]

1. e4 c5 2. Nf3 d6 3. d4 cxd4 4. Nxd4 Nf6 5. Nc3 a6 6. Be2 e6 7. Be3 Be7 8. O-O
O-O 9. Nb3 Nc6 10. f4 b5 11. a3 Bb7 12. Bf3 Rc8 13. h3 Qc7 14. g4 Rfd8 15. g5
Nd7 16. Qe2 Nb6 17. Rad1 Nc4 18. Bc1 N6a5 19. Nxa5 Qxa5 20. f5 Nxa3 21. f6 Bf8
22. fxg7 Bxg7 23. Bh5 Rc7 24. Qf2 Rdd7 25. Be3 Nc4 26. Bd4 Bxd4 27. Rxd4 Qb6 28.
b3 e5 29. Rd2 Qxf2+ 30. Rdxf2 Ne3 31. Nd5 Bxd5 32. exd5 Nxd5 33. c4 bxc4 34.
bxc4 Nf4 35. Bg4 Rd8 36. Rc2 d5 37. h4 dxc4 38. Re1 Rc5 39. Re4 Rd4 40. Rxd4
exd4 41. Kf2 d3 42. Rc1 c3 43. Ke3 d2 0-1

[Event "Women's Speed Chess Q5"]
[Site "chess.com INT"]
[Date "2021.06.04"]
[Round "2"]
[White "Grigoryan, Meri"]
[Black "Eswaran, Ashritha"]
[Result "0-1"]
[WhiteTitle "WFM"]
[BlackTitle "WIM"]
[WhiteElo "2044"]
[BlackElo "2244"]
[WhiteFideId "13300571"]
[BlackFideId "2080788"]
[EventDate "2021.06.04"]

1. d4 Nf6 2. c4 e6 3. Nc3 Bb4 4. Qc2 O-O 5. Nf3 b6 6. e3 Bb7 7. Be2 Bxc3+ 8.
Qxc3 d6 9. O-O Nbd7 10. b3 c5 11. Ba3 Qc7 12. Rad1 Rfd8 13. Bb2 cxd4 14. Nxd4 a6
15. Bf3 Bxf3 16. Nxf3 b5 17. Rd4 d5 18. Rfd1 bxc4 19. bxc4 dxc4 20. Rxc4 Qb6 21.
Rcd4 Nf8 22. Rxd8 Rxd8 23. Rxd8 Qxd8 24. h3 Qd1+ 25. Kh2 Qe2 26. Qd2 Qb5 27. Qd4
h6 28. Ne5 Qe2 29. Ng4 Nxg4+ 30. hxg4 f6 31. Kg3 Ng6 32. a4 Kh7 33. Bc3 Qc2 34.
f4 e5 35. fxe5 Nxe5 36. Be1 Qe2 37. Bf2 Qc2 38. Qf4 Qg6 39. e4 h5 40. Qf5 Nxg4
41. Qxg6+ Kxg6 42. Bd4 Kf7 43. Kf4 Ke6 44. Bc5 g5+ 45. Kf3 Ne5+ 46. Ke2 g4 47.
Ke3 h4 48. Kf4 Nd3+ 49. Kxg4 Nxc5 50. Kxh4 Nxe4 0-1

[Event "Women's Speed Chess Q5"]
[Site "chess.com INT"]
[Date "2021.06.04"]
[Round "2"]
[White "Antolak, Julia"]
[Black "Shuvalova, Polina"]
[Result "1-0"]
[WhiteTitle "WIM"]
[BlackTitle "IM"]
[WhiteElo "2309"]
[BlackElo "2489"]
[WhiteFideId "1159569"]
[BlackFideId "24171760"]
[EventDate "2021.06.04"]

1. e4 c5 2. Nf3 d6 3. d4 cxd4 4. Nxd4 Nf6 5. Nc3 a6 6. Be3 e5 7. Nb3 Be7 8. f3
O-O 9. Qd2 Be6 10. O-O-O Nbd7 11. g4 b5 12. g5 Nh5 13. Kb1 Rc8 14. Nd5 Bxd5 15.
exd5 f5 16. gxf6 Ndxf6 17. Na5 Qe8 18. Nc6 Kh8 19. Bh3 Rc7 20. Be6 g6 21. Bh6
Ng7 22. Nxe7 Qxe7 23. Rhe1 Rd8 24. f4 e4 25. Bg5 Nxe6 26. dxe6 Qxe6 27. Qd4 Kg7
28. Rxe4 Qf7 29. Rde1 Rc4 30. Bxf6+ Kg8 31. Qxc4 bxc4 32. Bxd8 Qd5 33. Bg5 1-0

[Event "Women's Speed Chess Q5"]
[Site "chess.com INT"]
[Date "2021.06.04"]
[Round "2"]
[White "Torres Hernandez, Leslie Carolin"]
[Black "Zhuravleva, Olga"]
[Result "0-1"]
[WhiteTitle "WFM"]
[BlackTitle "WIM"]
[WhiteElo "1884"]
[BlackElo "2278"]
[WhiteFideId "8400504"]
[BlackFideId "4145933"]
[EventDate "2021.06.04"]

1. e4 e5 2. Nc3 Nf6 3. g3 d5 4. Bg2 d4 5. Nce2 d3 6. Nc3 Nc6 7. a3 Bc5 8. Nf3
Bg4 9. O-O O-O 10. h3 Bh5 11. b4 Bb6 12. g4 Bg6 13. Re1 dxc2 14. Qxc2 Nd4 15.
Qd1 Re8 16. Na4 Nxe4 17. Nxb6 axb6 18. Bb2 c6 19. d3 Nxf3+ 20. Qxf3 Ng5 21. Qe3
f6 22. Rad1 Ne6 23. Be4 Bxe4 24. Qxe4 Qc7 25. Qc4 Kh8 26. f4 Nxf4 27. h4 Qd7 0-1

[Event "Women's Speed Chess Q5"]
[Site "chess.com INT"]
[Date "2021.06.04"]
[Round "2"]
[White "Padmini, Rout"]
[Black "Li, Xueyi"]
[Result "1-0"]
[WhiteTitle "IM"]
[BlackTitle "WGM"]
[WhiteElo "2370"]
[BlackElo "2303"]
[WhiteFideId "5029295"]
[BlackFideId "8605912"]
[EventDate "2021.06.04"]

1. e4 c6 2. Nc3 d5 3. Nf3 Nf6 4. e5 Ne4 5. Ne2 Qb6 6. d4 e6 7. Ng3 c5 8. Bd3
Nxg3 9. fxg3 Be7 10. O-O h6 11. a3 Bd7 12. c3 Nc6 13. Kh1 c4 14. Bc2 O-O-O 15.
Nh4 g5 16. Nf3 Rdf8 17. Qe2 f6 18. exf6 Bxf6 19. Rb1 g4 20. Nh4 Bxh4 21. gxh4
Qd8 22. Rxf8 Qxf8 23. Be3 Qe7 24. Bf2 Rf8 25. Bg3 Qf6 26. Kg1 Re8 27. Rf1 Qg7
28. Qe3 b6 29. Qf4 e5 30. dxe5 Re6 31. Re1 Qe7 32. Bf5 Qc5+ 33. Bf2 1-0

[Event "Women's Speed Chess Q5"]
[Site "chess.com INT"]
[Date "2021.06.04"]
[Round "2"]
[White "Cruz, Bitia"]
[Black "Kanyamarala, Trisha"]
[Result "0-1"]
[WhiteTitle "WCM"]
[BlackTitle "WIM"]
[WhiteElo "1582"]
[BlackElo "2180"]
[WhiteFideId "8400644"]
[BlackFideId "45004722"]
[EventDate "2021.06.04"]

1. e4 c5 2. Nf3 d6 3. c3 Nf6 4. Be2 Bd7 5. Qc2 Qc7 6. O-O g6 7. d3 Bg7 8. Bg5
O-O 9. Nbd2 Re8 10. Rac1 Nc6 11. h3 h6 12. Bf4 e5 13. Bh2 Rac8 14. Qb1 Qb8 15.
b4 b6 16. a3 Nh5 17. Rfe1 Nf4 18. Bf1 g5 19. Nc4 Qc7 20. Ne3 Be6 21. d4 exd4 22.
cxd4 cxd4 23. Nd5 Nxd5 24. exd5 Bxd5 25. Bb5 Bxf3 26. gxf3 Rxe1+ 27. Rxe1 Ne5
28. Qe4 Qc3 29. f4 Nf3+ 30. Kg2 Nxe1+ 31. Qxe1 Qxe1 0-1